000 01157nam a2200301Ia 4500
001 ebr10177925
003 CaPaEBR
006 m u
007 cr cn|||||||||
008 040316s2006 enka sb 001 0 eng d
020 _z9780199290598
040 _aCaPaEBR
_cCaPaEBR
035 _a(OCoLC)648259975
050 1 4 _aBD95
_b.O93 2006eb
245 0 0 _aOxford studies in metaphysics.
_nVolume 2
_h[electronic resource] /
_cedited by Dean W. Zimmerman.
246 3 0 _aStudies in metaphysics
260 _aOxford :
_bClarendon Press,
_cc 2006.
300 _ax, 400 p. :
_bill.
490 0 _aOxford studies in metaphysics ;
_v2
504 _aIncludes bibliographical references and index.
533 _aElectronic reproduction.
_bPalo Alto, Calif. :
_cebrary,
_d2013.
_nAvailable via World Wide Web.
_nAccess may be limited to ebrary affiliated libraries.
650 0 _aMetaphysics.
650 0 _aPhilosophy.
655 7 _aElectronic books.
_2local
700 1 _aZimmerman, Dean W.
710 2 _aebrary, Inc.
856 4 0 _uhttp://site.ebrary.com/lib/rucke/Doc?id=10177925
_zAn electronic book accessible through the World Wide Web; click to view
999 _c141204
_d141204